Eastern Utah Libraries Catalog: Duchesne, Heber, Roosevelt, & Vernal

Aircraft carriers / (Record no. 99397)

MARC details
000 -LEADER
fixed length control field 01270cam a2200325 a 4500
001 - CONTROL NUMBER
control field 17000537
005 - DATE AND TIME OF LATEST TRANSACTION
control field 20241220134959.0
092 ## - LOCALLY ASSIGNED DEWEY CALL NUMBER (OCLC)
Classification number 623.825 GOULD
008 - FIXED-LENGTH DATA ELEMENTS--GENERAL INFORMATION
fixed length control field 111014s2013 nyua j b 001 0 eng
010 ## - LIBRARY OF CONGRESS CONTROL NUMBER
LC control number 2011043220
020 ## - INTERNATIONAL STANDARD BOOK NUMBER
International Standard Book Number 9781433971594 (library binding)
020 ## - INTERNATIONAL STANDARD BOOK NUMBER
International Standard Book Number 9781433971600 (pbk.)
040 ## - CATALOGING SOURCE
Original cataloging agency DLC
Transcribing agency DLC
Modifying agency DLC
050 00 - LIBRARY OF CONGRESS CALL NUMBER
Classification number V874
Item number .A45 2013
082 00 - DEWEY DECIMAL CLASSIFICATION NUMBER
Classification number 623.825/5
Edition number 23
100 1# - MAIN ENTRY--PERSONAL NAME
Personal name Allen, Kenny,
Dates associated with a name 1971-
9 (RLIN) 5836629
245 10 - TITLE STATEMENT
Title Aircraft carriers /
Statement of responsibility, etc by Kenny Allen.
260 ## - PUBLICATION, DISTRIBUTION, ETC. (IMPRINT)
Place of publication, distribution, etc New York :
Name of publisher, distributor, etc Gareth Stevens Pub.,
Date of publication, distribution, etc c2013.
300 ## - PHYSICAL DESCRIPTION
Extent 24 p. :
Other physical details col. ill. ;
Dimensions 19 cm.
490 0# - SERIES STATEMENT
Series statement Monster machines
490 0# - SERIES STATEMENT
Series statement GS leveled reader. Science
504 ## - BIBLIOGRAPHY, ETC. NOTE
Bibliography, etc Includes bibliographical references (p. 23) and index.
505 0# - FORMATTED CONTENTS NOTE
Formatted contents note Giants of the sea -- Steel ship -- On the flight deck -- The island -- In the hangar -- Power! -- City at sea.
650 #0 - SUBJECT ADDED ENTRY--TOPICAL TERM
Topical term or geographic name as entry element Aircraft carriers
Form subdivision Juvenile literature.
9 (RLIN) 5735281
906 ## - LOCAL DATA ELEMENT F, LDF (RLIN)
a 7
b cbc
c orignew
d 1
e ecip
f 20
g y-gencatlg
925 0# -
-- acquire
-- 1 shelf copy
-- policy default, Sel/ddw, 2012-08-07
942 ## - ADDED ENTRY ELEMENTS (KOHA)
Koha item type BOOK
955 ## - COPY-LEVEL INFORMATION (RLIN)
-- rd05 2011-10-21
-- xh14 2012-08-07 to BCCD
998 ## - LOCAL CONTROL INFORMATION (RLIN)
-- a174804
Holdings
Withdrawn status Lost status Source of classification or shelving scheme Damaged status Not for loan Collection code Home library Current library Shelving location Date acquired Cost, normal purchase price Total Checkouts Total Renewals Full call number Barcode Date last seen Date checked out Cost, replacement price Price effective from Koha item type
    Dewey Decimal Classification     Children NonFiction Wasatch County Library Wasatch County Library Main Floor Childrens Area 01/28/2013 15.95 21 14 E Transportation Military Allen 34301001133158 12/19/2025 11/10/2025 15.95 03/20/2020 BOOK
This project was made possible through a grant from the Institute of Museum and Library Service administered by the Utah State Library Division.

Wasatch County Library

  • 465 East 1200 South, Heber City, Utah 84032
  • Phone 435-654-1511 | Fax 435-654-6456

Hours

  • Monday - Friday 9:30 AM - 8:00 PM
  • Saturday 9:30 AM - 1:30 PM
  • Closed Sundays and Holidays